Les Gobelins (Record no. 7301)

MARC details
000 -CABECERA
campo de control de longitud fija 00768nam a2200277 a 4500
001 - NÚMERO DE CONTROL
campo de control BRCA_7627
005 - FECHA Y HORA DE LA ÚLTIMA TRANSACCIÓN
campo de control 20190320205922.0
008 - DATOS DE LONGITUD FIJA--INFORMACIÓN GENERAL
campo de control de longitud fija 090713s19uu----fr-a######---#000-0#fre-#
041 ## - CÓDIGO DE LENGUA
Código de lengua del texto/banda sonora o título independiente fre
044 ## - CÓDIGO DEL PAÍS DE LA ENTIDAD EDITORA/PRODUCTORA
Código MARC del país fr
050 #4 - SIGNATURA TOPOGRÁFICA DE LA BIBLIOTECA DEL CONGRESO
Número de clasificación N2050
Número de documento/Ítem .G44 1900
100 1# - ENTRADA PRINCIPAL--NOMBRE DE PERSONA
Nombre de persona Geffroy, Gustave
9 (RLIN) 18813
245 10 - MENCIÓN DE TÍTULO
Título Les Gobelins
Mención de responsabilidad, etc. Gustave Geffroy.
260 ## - PUBLICACIÓN, DISTRIBUCIÓN, ETC.
Lugar de publicación, distribución, etc. París
Nombre del editor, distribuidor, etc. Nilsson
Fecha de publicación, distribución, etc. [19--?]
300 ## - DESCRIPCIÓN FÍSICA
Extensión 161 p.
Otras características físicas il., 152 láminas
Dimensiones 27 cm.
440 #0 - MENCIÓN DE SERIE/PUNTO DE ACCESO ADICIONAL--TÍTULO
Título Les Musees d´Europe
9 (RLIN) 18814
500 ## - NOTA GENERAL
Nota general Edición con cantos dorados
500 ## - NOTA GENERAL
Nota general Ex libris de: Renee Stora
500 ## - NOTA GENERAL
Nota general T40
610 24 - PUNTO DE ACCESO ADICIONAL DE MATERIA--NOMBRE DE ENTIDAD CORPORATIVA
Nombre de entidad corporativa o nombre de jurisdicción como elemento de entrada Musee des Gobelins (París)
9 (RLIN) 18815
650 14 - PUNTO DE ACCESO ADICIONAL DE MATERIA--TÉRMINO DE MATERIA
Término de materia o nombre geográfico como elemento de entrada Arte
Subdivisión geográfica París
9 (RLIN) 9463
650 14 - PUNTO DE ACCESO ADICIONAL DE MATERIA--TÉRMINO DE MATERIA
Término de materia o nombre geográfico como elemento de entrada Galerías y museos
Subdivisión geográfica Francia
9 (RLIN) 7839
650 14 - PUNTO DE ACCESO ADICIONAL DE MATERIA--TÉRMINO DE MATERIA
Término de materia o nombre geográfico como elemento de entrada Gobelinos
9 (RLIN) 9246
902 ## - CATALOGADOR
Iniciales GFM
942 ## - ELEMENTOS DE PUNTO DE ACCESO ADICIONAL (KOHA)
Fuente del sistema de clasificación o colocación Library of Congress Classification
Tipo de ítem Koha Libros
Holdings
Estado de retiro Estado de pérdida Estado dañado No para préstamo Localización permanente Ubicación/localización actual Fecha de adquisición Número de inventario Total de préstamos Signatura topográfica completa Código de barras Fecha visto por última vez Precio válido a partir de Tipo de ítem Koha
El ejemplar forma parte de la colección y puede ser consultado según las políticas vigentes.       Biblioteca del Museo Franz Mayer (Rogerio Casas-Alatriste) Biblioteca del Museo Franz Mayer (Rogerio Casas-Alatriste) 08/07/2013 T40   N2050 .G44 1900 (T40) 8235 22/03/2019 22/03/2019 Libros